00362nam a2200145Ia 4500008004100000020001500041041001200056082001600068100001500084245005100099260002500150300000800175650001600183700001700199221030s9999 xx 000 0 und d a8186830006 aEnglish a105.23bAgr aR. Agarwal 0aMultimedia Systemcby R. Agarwal, B. B. Tewari bPentagon Pressc2001 a236 aBE Computer aB. B. Tewari